书目信息 |
| 题名: |
ASP.NET 程序员成长攻略
|
|
| 作者: | 杨成立 , 龚涛 , 陈哲 编著 | |
| 分册: | ||
| 出版信息: | 北京 中国水利水电出版社 2007.03 |
|
| 页数: | 577页 | |
| 开本: | 26cm | |
| 丛书名: | 程序员成长之路丛书 | |
| 单 册: | ||
| 中图分类: | TP393.092 | |
| 科图分类: | ||
| 主题词: | 主页制作--zhu ye zhi zuo--程序设计 | |
| 电子资源: | ||
| ISBN: | 7-5084-4285-7 | |
| 000 | 01033nam 2200265 450 | |
| 001 | 012007337557 | |
| 005 | 20070622155544.20 | |
| 010 | @a7-5084-4285-7@dCNY65.00 | |
| 100 | @a20070416d2007 km y0chiy0120 ea | |
| 101 | 0 | @achi |
| 102 | @aCN@b110000 | |
| 105 | @aa z 000yy | |
| 200 | 1 | @aASP.NET 程序员成长攻略@AASP.NET cheng xu yuan cheng zhang gong lue@f陈哲,杨成立,龚涛等编著@Fchen zhe,yang cheng li,gong tao deng bian zhu |
| 210 | @a北京@c中国水利水电出版社@d2007.03 | |
| 215 | @a577页@c图@d26cm | |
| 225 | 2 | @a程序员成长之路丛书@Acheng xu yuan cheng zhang zhi lu cong shu |
| 330 | @a本书是将Web页面美工设计、数据库开发和ASP、NET程序开发结合起来的实例教程。全书以实例为主线,从页面设计开始,通过数据库设计和ASP、NET程序等。 | |
| 410 | 0 | @12001 @a程序员成长之路丛书 |
| 606 | 0 | @a主页制作@Azhu ye zhi zuo@x程序设计 |
| 690 | @aTP393.092@v4 | |
| 701 | 0 | @a杨成立@Ayang cheng li@4编著 |
| 701 | 0 | @a龚涛@Agong tao@4编著 |
| 701 | 0 | @a陈哲@Achen zhe@4编著 |
| 801 | 0 | @aCN@c20070622 |
| 905 | @a10447@dTP393.092@eC661 | |
| ASP.NET 程序员成长攻略/陈哲,杨成立,龚涛等编著.-北京:中国水利水电出版社,2007.03 |
| 577页:图;26cm.-(程序员成长之路丛书) |
| ISBN 7-5084-4285-7:CNY65.00 |
| 本书是将Web页面美工设计、数据库开发和ASP、NET程序开发结合起来的实例教程。全书以实例为主线,从页面设计开始,通过数据库设计和ASP、NET程序等。 |
| ● |
| 相关链接 |
|
|
|
正题名:ASP.NET 程序员成长攻略
索取号:TP393.092/C661
 
预约/预借
| 序号 | 登录号 | 条形码 | 馆藏地/架位号 | 状态 | 备注 |
| 1 | 241186 | 202411862 | 自科二线404/404自科库 12排3列2层/ [索取号:TP393.092/C661] | 在馆 | |
| 2 | 241187 | 202411871 | 自科库301/301自科库 125排1列2层/ [索取号:TP393.092/C661] | 在馆 | |
| 3 | 241188 | 202411880 | 自科库301/301自科库 125排1列2层/ [索取号:TP393.092/C661] | 在馆 |